Informe de Gestión 2010-2012 (Record no. 8220)

MARC details
000 -LEADER
campo de control de longitud fija 00387nam a2200133Ia 4500
001 - NÚMERO DE CONTROL
campo de control 2414
008 - DATOS DE LONGITUD FIJA--INFORMACIÓN GENERAL
campo de control de longitud fija 241024s9999 xx 000 0 und d
082 ## - NÚMERO DE LA CLASIFICACIÓN DECIMAL DEWEY
Número de clasificación RD/500/D346i/2010-2012
100 ## - ENTRADA PRINCIPAL--NOMBRE DE PERSONA
Nombre de persona Delegación Permanente de la República Dominicana ante la UNESCO
245 #0 - MENCIÓN DEL TÍTULO
Título Informe de Gestión 2010-2012
260 ## - PUBLICACIÓN, DISTRIBUCIÓN, ETC.
Nombre del editor, distribuidor, etc. Amigo del Hogar
Fecha de publicación, distribución, etc. 2012
901 ## - ELEMENTOS DE DATOS A LOCAL LDA (RLIN)
a 28/8/2012 2:53:04 p.m.

No items available.

© 2024. Todos los Derechos Reservados. Desarrollado por IDEICE